LEADER 01691oam 2200421M 450 001 9910716361803321 005 20200213070601.2 035 $a(CKB)5470000002520516 035 $a(OCoLC)1065922941 035 $a(OCoLC)995470000002520516 035 $a(EXLCZ)995470000002520516 100 $a20071213d1926 ua 0 101 0 $aeng 135 $aurcn||||||||| 181 $ctxt$2rdacontent 182 $cc$2rdamedia 183 $acr$2rdacarrier 200 10$aAuthorizing the purchase of land with improvements to house a branch of the Federal Reserve Bank in Buffalo, N.Y. March 3, 1926. -- Ordered to be printed 210 1$a[Washington, D.C.] :$c[U.S. Government Printing Office],$d1926. 215 $a1 online resource (1 pages) 225 1 $aSenate report / 69th Congress, 1st session. Senate ;$vno. 235 225 1 $a[United States congressional serial set] ;$v[serial no. 8524] 300 $aBatch processed record: Metadata reviewed, not verified. Some fields updated by batch processes. 300 $aFDLP item number not assigned. 606 $aFederal Reserve banks 606 $aGovernment purchasing of real property 608 $aLegislative materials.$2lcgft 615 0$aFederal Reserve banks. 615 0$aGovernment purchasing of real property. 701 $aMcLean$b George Payne$f1857-1932$pRepublican (CT)$01386833 801 0$bWYU 801 1$bWYU 801 2$bOCLCO 801 2$bOCLCQ 906 $aBOOK 912 $a9910716361803321 996 $aAuthorizing the purchase of land with improvements to house a branch of the Federal Reserve Bank in Buffalo, N.Y. March 3, 1926. -- Ordered to be printed$93471266 997 $aUNINA LEADER 01639nas 2200589-a 450 001 996198571603316 005 20230522213016.0 011 $a1612-4790 035 $a(DE-599)ZDB2075054-7 035 $a(OCoLC)54530763 035 $a(CKB)111084892763004 035 $a(CONSER)--2007233745 035 $a(EXLCZ)99111084892763004 100 $a20040304a20009999 s-- a 101 0 $aeng 135 $aurbn||||||abp 135 $aurbn||||||ada 181 $ctxt$2rdacontent 182 $cc$2rdamedia 183 $acr$2rdacarrier 200 00$aCognitive processing 210 $aLengerich $cPabst Science 210 31$aHeidelburg :$cSpringer Verlag 215 $a1 online resource 300 $aRefereed/Peer-reviewed 300 $a"International quarterly of cognitive science." 311 $a1612-4782 531 $aCOGN PROCESS 531 $aCOGN. PROCESS 531 0 $aCogn. process. 606 $aCognition$vPeriodicals 606 $aCognition$xphysiology 606 $aCognition$vPériodiques 606 $aCognition$2fast$3(OCoLC)fst00866457 606 $aKognitionswissenschaft$2gnd 606 $aPsychologie$2gtt 608 $aPeriodicals.$2fast 608 $aPeriodicals.$2lcgft 608 $aZeitschrift$2swd 608 $aOnline-Publikation$2swd 610 $aPsychology 615 0$aCognition 615 12$aCognition$xphysiology. 615 6$aCognition 615 7$aCognition. 615 7$aKognitionswissenschaft 615 17$aPsychologie. 676 $a153 906 $aJOURNAL 912 $a996198571603316 996 $aCognitive processing$91413748 997 $aUNISA